000 01358nam a2200277Ia 4500
999 _c53790
_d53790
001 20840
003 GE_BSU
005 20221011112322.0
008 181216s1983||||ge |||||||||||||| ||geo||
020 _a9789941929809
040 _cGE_BSU
041 _ageo
080 _a1(315) ლ-22
100 _aლაო-ძი
_915225
245 _aდაო დე ძინი /
_cლაო-ძი ; თარგმანი, წინათქმა და ბოლოთქმა ლერი ალიმონაკი ; მხატვ. გოგი წერეთელი.
250 _aმე-4 გამოცემა.
264 _aთბილისი :
_bადაპტი,
_c2013.
300 _a187გვ.;
_b19 სმ.
500 _aწინათქმაც და ბოლოთქმაც ამოღებულია 1983 წლის პირველი გამოცემიდან.
653 _aდაო დე ძინი
653 _aძველი ჩინური ფილოსოფია
700 _aალიმონაკი, ლერი
_eმთარგმნელი
_915226
700 _aწერეთელი, გოგი
_eმხატვარი
_915227
856 _uhttps://dspace.nplg.gov.ge/bitstream/1234/103485/1/Lao_Dzi.pdf
_yელ. ვერსია. pdf
942 _cBK
_2udc